Top 25 Juice WRLD Songs - Statistics

General Stats
  • This quiz has been taken 143 times
  • The average score is 10 of 25
Answer Stats
# Album Score Answer % Correct
6 Goodbye & Good Riddance 86 Lucid Dreams
94%
13 Goodbye & Good Riddance 79 All Girls Are the Same
81%
3 Death Race For Love 88 Robbery
75%
4 Legends Never Die 87 Wishing Well
69%
5 Death Race For Love 87 Empty
47%
2 Legends Never Die 89 Righteous
43%
7 Goodbye & Good Riddance 83 Lean Wit Me
42%
9 Death Race For Love 82 Maze
40%
19 Goodbye & Good Riddance 76 Black and White
39%
8 Death Race For Love 83 Fast
38%
11 Legends Never Die 79 Conversations
36%
1 JuiceWRLD 999 91 Let Me Know
36%
10 Death Race For Love 82 Flaws and Sins
31%
20 Legends Never Die 76 Stay High
31%
16 Death Race For Love 77 Hear Me Calling
29%
17 Fighting Demons 77 Burn
27%
24 Death Race For Love 75 Feeling
27%
15 Legends Never Die 78 Man of the Year
26%
21 Legends Never Die 76 Fighting Demons
24%
14 Death Race For Love 78 Make Believe
24%
25 Legends Never Die 74 Up Up And Away
23%
18 Death Race For Love 77 Who Shot Cupid
21%
23 Death Race For Love 75 10 Feet
19%
22 Death Race For Love 75 HeMotions
18%
12 Legends Never Die 79 Life's A Mess
17%
No matching quizzes found
Score Distribution
Percent of People with Each Score
Percentile by Number Answered
Your Score History
You have not taken this quiz